[Event "Bucaramanga op"]
[Site "Bucaramanga"]
[Date "2023.09.08"]
[Round "6"]
[White "Gonzalez Delgado, Hugo Andres"]
[Black "Suarez Ruiz, Rafael"]
[Result "1-0"]
[WhiteElo "1945"]
[BlackElo "1635"]
[PlyCount "31"]
[EventDate "2023.09.06"]
[EventType "swiss"]
[EventRounds "9"]
[EventCountry "COL"]
[SourceTitle "EXT 2024"]
[Source "ChessBase"]
[SourceDate "2023.10.10"]
[SourceVersion "1"]
[SourceVersionDate "2023.10.10"]
[SourceQuality "1"]

1. e4 c6 2. Ne2 d5 3. e5 h6 4. d4 e6 5. Nf4 c5 6. c3 Nc6 7. Be3 cxd4 8. cxd4 Bb4+ 9. Nc3 Nge7 10. Qg4 Nf5 11. Bd3 0-0 12. Nh5 Qh4 13. Bxf5 Qxg4 14. Bxg4 Bd7 15. 0-0 Be7 16. Nxd5 1-0

[Event "Bucaramanga op"]
[Site "Bucaramanga"]
[Date "2023.09.07"]
[Round "4"]
[White "Gonzalez Suarez, Nelson"]
[Black "Suarez Ruiz, Rafael"]
[Result "0-1"]
[WhiteElo "1465"]
[BlackElo "1635"]
[PlyCount "40"]
[EventDate "2023.09.06"]
[EventType "swiss"]
[EventRounds "9"]
[EventCountry "COL"]
[SourceTitle "EXT 2024"]
[Source "ChessBase"]
[SourceDate "2023.10.10"]
[SourceVersion "1"]
[SourceVersionDate "2023.10.10"]
[SourceQuality "1"]

1. d4 d5 2. Nf3 Nf6 3. Bg5 e6 4. Bxf6 Qxf6 5. e3 c5 6. Bb5+ Nc6 7. Ne5 a6 8. Bxc6+ bxc6 9. Nxc6 Bd7 10. Ne5 Bc8 11. 0-0 cxd4 12. Qxd4 Bd6 13. Qa4+ Ke7 14. Nc6+ Kf8 15. Nd4 Qe7 16. Nc3 g6 17. Qc6 Bb7 18. Qb6 Kg7 19. Nc6 Qc7 20. Qxc7 Bxc7 0-1

[Event "Bucaramanga op"]
[Site "Bucaramanga"]
[Date "2023.09.06"]
[Round "1"]
[White "Suarez Ruiz, Rafael"]
[Black "Sepulveda, Lyda Marcela"]
[Result "1-0"]
[WhiteElo "1635"]
[BlackElo "1370"]
[PlyCount "28"]
[EventDate "2023.09.06"]
[EventType "swiss"]
[EventRounds "9"]
[EventCountry "COL"]
[SourceTitle "EXT 2024"]
[Source "ChessBase"]
[SourceDate "2023.10.10"]
[SourceVersion "1"]
[SourceVersionDate "2023.10.10"]
[SourceQuality "1"]

1. d4 d5 2. c4 e6 3. Nf3 Nf6 4. Nc3 Nbd7 5. e3 c6 6. Bd3 dxc4 7. Bxc4 b5 8. Bd3 Bb4 9. 0-0 0-0 10. Qe2 a6 11. Rd1 Qb6 12. Bd2 Bxc3 13. Bxc3 c5 14. Rdb1 Qc7 1-0